000 00501nam a2200169 a 4500
005 20140310183440.0
008 080425s19uu xx 00 eng d
020 _a0470023821
050 _aRC 455.4.F3
_b.F3578 2005
245 _aFamilies and mental disorders from burden to empowerment /
260 _aEngland :
_bJohn Wiley & Sons Ltd,
_c2005.
300 _a299 p. :
_bill. ;
_c24 cm.
521 _aEDU
650 _aMentally ill
_xFamily relationships.
942 _cBK
_2lcc
_kFOR
999 _c23060
_d23060